| 000 | 00528pab a2200181 454500 | ||
|---|---|---|---|
| 008 | 180718b2004 xxu||||| |||| 00| 0 eng d | ||
| 100 | _aMoncrief, Gary F. | ||
| 245 | _aTime, term limits, and turnover: trends in membership stability in US state legislatures | ||
| 260 | _c2004 | ||
| 300 | _ap.357-381. | ||
| 362 | _aAug | ||
| 650 | _aUnited States. Congress - Elections | ||
| 650 | _aParliament | ||
| 700 | _aPowell, Lynda W. | ||
| 700 | _aNiemi, Richard G. | ||
| 773 | _aLegislative Studies Quarterly | ||
| 909 | _a62254 | ||
| 999 |
_c62254 _d62254 |
||